000
00325nam a2200109Ia 4500
008
171211s9999 xx 000 0 und d
245
_a
Digital Preservation for Heritages
245
_c
Dongming Lu and Yunhe Pan
260
_c
2010
650
_x
INFORMATION TECHNOLOGIES
856
_u
http://down.ebook777.com/064/3642048617.pdf
999
_c
349710
_d
349710